1242 1834 1375 1104 1467 1149 1810 1315 1062 1290 1315 1990 1530 1350 1812 1587 1310 1543 1969 1654 1868 1478 1848 1010 1142 1968 1034 1788 1168 1087 1831 1034 1094 1826 1224 1498 1283 1771 1770 1041 1081 1369 1967 1681 1294 1114 1442 1265 1726 1600 1570 1043 1075 1985 1594 1758 1034 1792 1284 1134 1241 1703 1397 1219 1058 1073 1918 1482 1930 1838 1491 1199 1723 1526 1464 1585 1909 1388 1255 1430 1427 1943 1620 1337 1891 1072 1772 1907 1263 1500 1092 1433 1372 1308 1428 1942 1241 1199 1308 BCNSPRNW ULIB Ver.6.0+V

เปลี่ยนเป็นภาษาไทย

Change to English
 แสดงรายละเอียดบรรณานุกรม
  กลับหน้าหลัก

Brief Record : Get Marc (ISO 2709) : E-mail record : QR code < ปิดหน้าต่าง
LEADER : 00000nam 2200000uu 4500
001    13399111719
003     ULIB
008    110707s2554||||th 000 0 tha d
024    9786165001489
090    นว.^bอ334ว 2554
100 0  อรพิม
245 00 วิญญาณป่วนรัก/^cอรพิม
260    กรุงเทพฯ :^bพิมพ์คำ,^c2554
300    414 หน้า
945    ^p250^l0^i18287
995     เกษร
999     ^aใช้งานได้ทุกระบบ
รายการนี้ยังไม่มีแท็ก
คุณยังไม่ได้ล็อกอิน คุณสามารถมีกิจกรรมร่วมกับเว็บไซต์ได้ แต่ต้องล็อกอินก่อน ::
  ล็อกอิน

รายการสื่อสารสนเทศ

ลำดับที่ ประเภท เลขเรียก/บาร์โค้ด สถานที่ สถานะ
1. วิทยาศาสตร์การแพทย์ และสุขภาพ
วิทยาศาสตร์การแพทย์ และสุขภาพ
นว. อ334ว 2554  
  Barcode: 18287
ห้องสมุดวิทยาเขตสวรรค์ประชารักษ์
►นวนิยาย
บนชั้น
  ขอยืม

รายการใกล้เคียง
    ผู้แต่ง [อรพิม]

BibComment


ยังไม่เคยถูกคอมเมนท์

คอมเมนท์ทรัพยากรรายการนี้
  คอมเมนท์: วิญญาณป่วนรัก อรพิม


 Copyright 2026. Bcnsprnw @Library